000 00501nam a2200157 i 4500
001 87608
003 ES-MaACL
007 t|
008 041222s1953 ag ||||1| spa d
100 1 _aKrishnamurti, J.
_968859
245 1 3 _aUn mundo nuevo /
_cKrishnamurti ; [traducción directa del inglés por Arturo Orzábal Quintana].
260 _a[Buenos Aires] :
_bKrishnamurti,
_c[1953]
300 _a316 p. ;
_c19 cm.
700 1 _aOrzábal Quintana, Arturo.
_987712
852 _aES-MaACL
_jC-8208
_bR.36244
999 _c87608
_d87608